|
|
|
|
| LEADER |
00000nab a2200000 a 4500 |
| 001 |
vtls009505251 |
| 003 |
SK-MaSNL |
| 005 |
20260304151727.0 |
| 008 |
250506c2009 xo fr|p|||||||000 b|slo |
| 015 |
|
|
|a SNBRB2009/05
|2 snkbucl
|
| 035 |
|
|
|a (uuid)58854d17-2851-4c78-8294-1cbe2016f07d
|
| 035 |
|
|
|a urn:nbn:sk:snk-ab94ir
|
| 035 |
|
|
|a (urnnbn)urn:nbn:sk:snk:ar-0025wl
|
| 038 |
|
|
|a SNKBUCL
|
| 040 |
|
|
|a SNKBUCL
|b slo
|c SNKBUCL
|e AACR2
|
| 041 |
0 |
|
|a slo
|b eng
|
| 044 |
|
|
|a xo
|c SK
|
| 080 |
|
|
|a 614.841
|2 2001
|
| 080 |
|
|
|a 620.264/.265
|2 2001
|
| 080 |
|
|
|a 662.61
|2 2001
|
| 080 |
|
|
|a 676.1/.2
|2 2001
|
| 100 |
1 |
|
|a Coneva, Iveta,
|d 1967-
|4 aut
|9 25508
|
| 245 |
1 |
0 |
|a Problematika horenia a požiaru tuhých, polymérnych materiálov so zameraním sa na vybraté celulózové materiály
|n časť 1
|c Iveta Coneva
|
| 300 |
|
|
|b Graf, sch., tab.
|
| 500 |
|
|
|a Pokračovanie v č. 2/2009
|
| 504 |
|
|
|a Bibliogr. odkazy
|
| 546 |
|
|
|a Res. angl.
|
| 650 |
0 |
7 |
|a požiare
|2 snkbucl
|9 1504
|
| 650 |
0 |
7 |
|a horenie
|2 snkbucl
|9 17158
|
| 650 |
0 |
7 |
|a celulózové materiály
|2 snkbucl
|9 1473314
|
| 773 |
0 |
|
|t Krízový manažment = Crisis Management
|g Roč. 8, č. 1 (2009), s. 8-18
|x 1336-0019
|
| 850 |
|
|
|a Slovenská národná knižnica
|
| 852 |
|
|
|a Slovenská národná knižnica
|
| 954 |
|
|
|a odborná, vedecká literatúra pôvodná (slovenská)
|2 lita
|
| 958 |
|
|
|a article13
|
| 958 |
|
|
|a OND
|
| 958 |
|
|
|a NB
|
| 958 |
|
|
|a EUIPO
|
| 999 |
|
|
|c 2945461
|d 2947391
|